| 000 | 00707nam a2200205 a 4500 | ||
|---|---|---|---|
| 005 | 20210223125716.0 | ||
| 008 | 050523s2004 mx 000 0 spa d | ||
| 020 | _a9701510321 | ||
| 035 | _aUPN01000140045 | ||
| 049 | _aCG | ||
| 050 | 4 |
_aTK5105.8885 D7.4 _bP4.3 |
|
| 100 | 1 |
_aPérez López, César _929850 |
|
| 245 | 1 | 0 |
_aAdministración de sitios y páginas Web con macromedia : _bDreamweaver MX 2004 / _cCésar Pérez López. |
| 260 |
_aMéxico : _bAlfaomega : _bRa-Ma, _cc2004. |
||
| 300 |
_a561 p. : _bil. + _e1 CD-ROM ; 4 3/4 plg. |
||
| 650 | 4 |
_aDREAMWEAVER (ARCHIVO PARA COMPUTADORA) _914225 |
|
| 650 | 4 |
_aSITIOS WEB - _xDISEÑO _97669 |
|
| 650 | 4 |
_aSITIOS WEB - _xPROGRAMAS DE AUTOR |
|
| 905 | _aLibro | ||
| 999 |
_c112193 _d112193 |
||